00921nam a2200229 a 4500001001000000003000500010005001700015008004100032010001100073011001100084040000900095100003500104245016900139260004100308500006000349502007800409650002300487650002700510650002600537650005800563856007000621000111981CHAP20220329144240.0151112s2015 mx sm |||||||spa d a108442 a109414 cCHAP1 aVázquez Martínez, Damián10aDescripción vegetativa de tres cultivares de amaranto (Amaranthus hypochondriacus L.) en condiciones de temporalh[En línea]cpor Damián Vázquez Martínez. aChapingo, Méx. :bEl autor,c2015. aPara ver el contenido del material haga clic en la liga aTesis (Ing. Agr. Esp. en Fitotecnia ) -- UACH. Departamento de Fitotecnia14aAmarantoxCultivo.14aAmarantoxRendimiento.14aAmarantoxVariedades.14aTemperaturaxEfecto en Amarantyhus hypochondriacus L. aFinding aiduhttp://10.13.5.2/tesis/sist111981.pdfzTeclea aquí